De la crisis del Antiguo Régimen al franquismo. (Registro nro. 45371)

Detalles MARC
000 -LEADER
campo de control de longitud fija 01149nam a2200253 i 4500
001 - NÚMERO DE CONTROL
campo de control 45371
003 - IDENTIFICADOR DE NÚMERO DE CONTROL
campo de control ES-MaACL
005 - FECHA Y HORA DE LA ÚLTIMA TRANSACCIÓN
campo de control 20250910212612.0
007 - CAMPO FIJO DE DESCRIPCIÓN FÍSICA--INFORMACIÓN GENERAL
campo de control de longitud fija t|
008 - DATOS DE LONGITUD FIJA--INFORMACIÓN GENERAL
campo de control de longitud fija 030325s1977 sp ||||1| spa d
110 2# - ENTRADA PRINCIPAL--NOMBRE DE ENTIDAD CORPORATIVA
Nombre de entidad corporativa o nombre de jurisdicción como elemento de entrada Université de Pau et des pays de l'Adour.
Unidad subordinada Seminaire d'études des XIXéme et XXéme siécles.
-- Colloque (
Número del congreso/reunión o número de parte o sección 8º.
Sede del congreso/Lugar de la reunión Pau)
9 (RLIN) 171752
245 10 - MENCIÓN DEL TÍTULO
Título De la crisis del Antiguo Régimen al franquismo.
Número de parte o sección de la obra 1 /
Mención de responsabilidad, etc. VII Coloquio de Pau ; Manuel tuñón de Lara... [et al.] ; coordinación, Juan Falces.
260 ## - PUBLICACIÓN, DISTRIBUCIÓN, ETC.
Lugar de publicación, distribución, etc. Madrid :
Nombre del editor, distribuidor, etc. Cuadernos para el Diálogo,
Fecha de publicación, distribución, etc. 1977.
300 ## - DESCRIPCIÓN FÍSICA
Extensión 1 v. (276 p. :
Otras características físicas il.) ;
Dimensiones 21 cm.
490 1# - MENCIÓN DE SERIE
Mención de serie Colección I.T.S. [Instituto de Técnicas Sociales]
505 1# - NOTA DE CONTENIDO CON FORMATO
Nota de contenido con formato V. 1. Crisis del Antiguo Régimen e industrialización en la España del siglo XIX
651 #0 - PUNTO DE ACCESO ADICIONAL DE MATERIA--NOMBRE GEOGRÁFICO
Nombre geográfico España-
Subdivisión general Historia-
Subdivisión cronológica S.XIX-
Subdivisión de forma Congresos y asambleas.
9 (RLIN) 8353
700 0# - ENTRADA AGREGADA--NOMBRE PERSONAL
Nombre de persona Tuñón de Lara, Manuel,
Fechas asociadas al nombre 1915-1997
9 (RLIN) 111681
700 1# - ENTRADA AGREGADA--NOMBRE PERSONAL
Nombre de persona Falces, Juan.
9 (RLIN) 48690
710 2# - ENTRADA AGREGADA--NOMBRE DE ENTIDAD CORPORATIVA
Nombre de entidad corporativa o nombre de jurisdicción como elemento de entrada Cuadernos para el Diálogo.
9 (RLIN) 3333
830 1# - PUNTO DE ACCESO ADICIONAL DE SERIE-TÍTULO UNIFORME
Título uniforme Colección I.T.S. [Instituto de Técnicas Sociales]
9 (RLIN) 179830
852 ## - LOCALIZACIÓN
Ubicación ES-MaACL
Número de control de estantería L-2663
Existencias
Estatus retirado Estado de pérdida Estado de daño No para préstamo Biblioteca de origen Biblioteca actual Ubicación en estantería Fecha de adquisición Fuente de adquisición Total de préstamos Signatura topográfica completa Código de barras Visto por última vez Precio de reemplazo Tipo de ítem Koha
        Biblioteca del Ateneo de Madrid Biblioteca del Ateneo de Madrid Depósito 2 17/01/2008     L-2663 1047740 23/02/2023 23/02/2023 Libro impreso